000 00294nam a22001337a 4500
008 171030b xxu||||| |||| 00| 0 eng d
020 _a9780787964276
041 _aeng
080 _a33
100 _a58
101 _aBUS
245 _aREFRAMING ORGANIZATIONS
_cBOOLMAN, L.G
942 _2udc
_cBK
999 _c36607
_d36607